Vista normal Vista MARC

Entrada Personal Name

Número de registros utilizados en: 1

001 - CONTROL NUMBER

  • control field: 7194

003 - CONTROL NUMBER IDENTIFIER

  • control field: OSt

005 - DATE AND TIME OF LATEST TRANSACTION

  • control field: 20200714124534.0

008 - FIXED-LENGTH DATA ELEMENTS

  • fixed length control field: 200714|| aca||aabn | a|a d

040 ## - CATALOGING SOURCE

  • Original cataloging agency: OSt
  • Transcribing agency: OSt

100 ## - HEADING--PERSONAL NAME

  • Personal name: Galindo, Anibal

670 ## - SOURCE DATA FOUND

  • Source citation: Work cat.: (OSt)5865: Galindo, Anibal, autor, Estudios económicos y fiscales /, 1978.